Season to season / (Record no. 7880)

MARC details
000 -LEADER
fixed length control field 00913nam a22003017a 4500
001 - CONTROL NUMBER
control field 7880
003 - CONTROL NUMBER IDENTIFIER
control field FISKH
005 - DATE AND TIME OF LATEST TRANSACTION
control field 20250821130959.0
008 - FIXED-LENGTH DATA ELEMENTS--GENERAL INFORMATION
fixed length control field 250813b cb ||||| |||| 00| 0 eng d
020 ## - INTERNATIONAL STANDARD BOOK NUMBER
International Standard Book Number 9781595155399
040 ## - CATALOGING SOURCE
Original cataloging agency FISKH
Language of cataloging eng
Transcribing agency FISKH
Modifying agency FISKH
050 ## - LIBRARY OF CONGRESS CALL NUMBER
Classification number QB637.S76
082 ## - DEWEY DECIMAL CLASSIFICATION NUMBER
Classification number 508.2
100 ## - MAIN ENTRY--PERSONAL NAME
Personal name Cooper, Jason
Dates associated with a name (1942-)
245 ## - TITLE STATEMENT
Title Season to season /
Statement of responsibility, etc. Jason Cooper
250 ## - EDITION STATEMENT
Edition statement This edition first published in 2007
260 ## - PUBLICATION, DISTRIBUTION, ETC.
Place of publication, distribution, etc. Vero Beach :
Name of publisher, distributor, etc. Rourke,
Date of publication, distribution, etc. 2007
300 ## - PHYSICAL DESCRIPTION
Extent 24 pages :
Other physical details color illustrations ;
Dimensions 21 cm
505 ## - FORMATTED CONTENTS NOTE
Formatted contents note G<br/>
520 ## - SUMMARY, ETC.
Summary, etc. Describes The Reasons For Changes In The Seasons And The Significance To Plants And Animals.<br/>
521 8# - TARGET AUDIENCE NOTE
Target audience note 420<br/>
Source Lexile<br/>
521 8# - TARGET AUDIENCE NOTE
Target audience note G<br/>
Source Raz-Plus<br/>
650 ## - SUBJECT ADDED ENTRY--TOPICAL TERM
Source of heading or term Four Seasons
Topical term or geographic name entry element Glossary
650 ## - SUBJECT ADDED ENTRY--TOPICAL TERM
Source of heading or term The Eart in motion
Topical term or geographic name entry element Seasonal Change
700 ## - ADDED ENTRY--PERSONAL NAME
Personal name Stratford, Nicola
Dates associated with a name illustrator
942 ## - ADDED ENTRY ELEMENTS (KOHA)
Source of classification or shelving scheme Dewey Decimal Classification
Koha item type Books
Suppress in OPAC No
Holdings
Withdrawn status Lost status Source of classification or shelving scheme Damaged status Not for loan Collection Home library Current library Shelving location Date acquired Total Checkouts Full call number Barcode Date last seen Copy number Price effective from Koha item type
    Dewey Decimal Classification     Non-Fiction Footprints International School Library Network Toul Tom Poung Campus Footprints International School Library Network Toul Tom Poung Campus TTP Primary Dark Blue Bookshelves 08/13/2025   COO 508.2 QB637.S76 FISTK01570 08/13/2025 1 08/13/2025 Books
    Dewey Decimal Classification     Non-Fiction Footprints International School Library Network Toul Tom Poung Campus Footprints International School Library Network Toul Tom Poung Campus TTP Primary Dark Blue Bookshelves 08/21/2025   COO 508.2 QB637.S76 FIS02879 08/21/2025 2 08/21/2025 Books